Marcello Lippi's Inter - Statistics

General Stats
  • This quiz has been taken 5 times
  • The average score is 22 of 41
Answer Stats
Rank Player Position Nationality Matches Goals Assists % Correct
4 Álvaro Recoba Second Striker 40 14 14
100%
6 Angelo Peruzzi Goalkeeper 38 0 0
100%
27 Hakan Şükür Centre-Forward 7 0 1
100%
10 Iván Córdoba Centre-Back 32 1 2
100%
2 Javier Zanetti Right-Back 43 2 2
100%
14 Christian Vieri Centre-Forward 25 18 5
80%
9 Clarence Seedorf Central Midfield 33 8 7
80%
12 Dario Simic Centre-Back 26 1 0
80%
7 Iván Zamorano Centre-Forward 38 9 8
80%
1 Laurent Blanc Centre-Back 48 3 1
80%
3 Luigi Di Biagio Defensive Midfield 42 3 5
80%
24 Robbie Keane Centre-Forward 8 3 2
80%
15 Roberto Baggio Second Striker 24 7 4
80%
19 Adrian Mutu Left Winger 14 2 1
60%
36 Andrea Pirlo Defensive Midfield 2 0 0
60%
5 Benoît Cauet Central Midfield 39 2 0
60%
11 Christian Panucci Right-Back 31 1 0
60%
21 Francesco Colonnese Centre-Back 11 0 0
60%
8 Grigoris Georgatos Left-Back 34 3 7
60%
22 Paulo Sousa Central Midfield 10 0 2
60%
25 Ronaldo Centre-Forward 8 3 0
60%
31 Sébastien Frey Goalkeeper 5 0 0
60%
29 Vampeta Central Midfield 6 1 0
60%
16 Francesco Moriero Right Winger 21 2 1
40%
30 Javier Farinós Defensive Midfield 6 1 2
40%
17 Michele Serena Left-Back 20 0 0
40%
23 Ousmane Dabo Defensive Midfield 10 0 0
40%
18 Salvatore Fresi Centre-Back 14 0 0
40%
13 Vladimir Jugović Central Midfield 26 2 3
40%
41 Anselmo Robbiati Left Winger 1 0 0
20%
37 Bruno Cirillo Centre-Back 2 0 0
20%
32 Corrado Colombo Centre-Forward 5 1 0
20%
40 Cristian Brocchi Central Midfield 1 0 0
20%
20 Cyril Domoraud Centre-Back 11 0 0
20%
28 Fabio Macellari Left-Back 7 0 0
20%
26 Fabrizio Ferron Goalkeeper 8 0 0
20%
34 Marco Ballotta Goalkeeper 3 0 0
20%
33 Matteo Ferrari Centre-Back 3 0 0
20%
38 Nello Russo Centre-Forward 2 1 0
20%
39 Riccardo Fissore Centre-Back 1 0 0
20%
35 Sixto Peralta Central Midfield 3 0 0
20%
No matching quizzes found
Score Distribution
Percent of People with Each Score
Percentile by Number Answered
Your Score History
You have not taken this quiz